[Event "Tatry op"]
[Site "Tatranske Zruby"]
[Date "2015.09.27"]
[Round "3"]
[White "Farkas, Vladimir"]
[Black "Motycakova, Monika"]
[Result "0-1"]
[WhiteElo "1838"]
[BlackElo "2150"]
[PlyCount "88"]
[EventDate "2015.09.26"]
[EventType "swiss"]
[EventRounds "9"]
[EventCountry "SVK"]
[SourceTitle "CBM 168 Extra"]
[Source "ChessBase"]
[SourceDate "2015.10.29"]
[SourceVersion "1"]
[SourceVersionDate "2015.10.29"]
[SourceQuality "1"]

1. Nf3 d5 2. g3 c6 3. Bg2 Bg4 4. d3 Nf6 5. 0-0 Nbd7 6. Nbd2 e5 7. e4 Bd6 8. Qe1 h6 9. exd5 cxd5 10. Nb3 0-0 11. Bd2 Rc8 12. Rc1 Re8 13. h3 Bh5 14. Nh2 e4 15. d4 Qc7 16. Bb4 Bxb4 17. Qxb4 e3 18. f4 e2 19. Rfe1 Ne4 20. Bxe4 Rxe4 21. Nd2 Re3 22. Kf2 Rce8 23. c4 Nf6 24. Rc3 Rxc3 25. Qxc3 dxc4 26. Nhf3 b5 27. Qa3 Nd5 28. Qc5 Qxc5 29. dxc5 Nb4 30. Rxe2 Nd3+ 31. Kf1 Rxe2 32. Kxe2 Bxf3+ 33. Nxf3 Nxc5 34. Kd1 Kf8 35. Kc2 a6 36. Nd2 Ke7 37. b4 Nd3 38. Kc3 f5 39. Nf3 Kd6 40. Nd4 g6 41. Nf3 Kd5 42. Nh4 Nc1 43. a3 Ne2+ 44. Kd2 Nxg3 0-1

[Event "SVK-chT2A 1112"]
[Site "Slovakia"]
[Date "2011.11.05"]
[Round "3.7"]
[White "Kundrak, Vladimir"]
[Black "Farkas, Vladimir"]
[Result "1-0"]
[WhiteElo "1957"]
[BlackElo "1918"]
[PlyCount "69"]
[EventDate "2011.10.08"]
[EventType "team-tourn"]
[EventRounds "11"]
[EventCountry "SVK"]
[SourceTitle "EXT 2013"]
[Source "ChessBase"]
[SourceDate "2012.11.22"]
[SourceVersion "1"]
[SourceVersionDate "2012.11.22"]
[SourceQuality "1"]
[WhiteTeam "Modra II"]
[BlackTeam "Bratislava Doprastav III"]
[WhiteTeamCountry "SVK"]
[BlackTeamCountry "SVK"]

1. b3 e5 2. Bb2 Nc6 3. e3 Nf6 4. Bb5 d6 5. d4 exd4 6. Qxd4 Bd7 7. Bxc6 Bxc6 8. Nf3 Be7 9. Nc3 0-0 10. 0-0-0 Qd7 11. h3 Qf5 12. e4 Bxe4 13. Nxe4 Qxe4 14. Qd2 Rfe8 15. Rhe1 Qf5 16. Nd4 Qg6 17. f4 h6 18. g4 Bf8 19. Nf3 Rxe1 20. Rxe1 Re8 21. f5 Rxe1+ 22. Qxe1 Qh7 23. Qb4 h5 24. g5 Qxf5 25. Qxb7 Ne4 26. Ne1 Qxg5+ 27. Kb1 Qe3 28. Nd3 Nc5 29. Qxa7 Qxh3 30. Nxc5 dxc5 31. Qxc7 Qf5 32. Be5 f6 33. Bh2 g5 34. Qd8 h4 35. Bd6 1-0

[Event "SVK-chT2A 10/11"]
[Site "Slovakia"]
[Date "2011.03.05"]
[Round "8.5"]
[White "Farkas, Vladimir"]
[Black "Kebis, Milos"]
[Result "0-1"]
[WhiteElo "1946"]
[BlackElo "1994"]
[PlyCount "110"]
[EventDate "2010.10.23"]
[EventType "team-tourn"]
[EventRounds "11"]
[EventCountry "SVK"]
[SourceTitle "EXT 2019"]
[Source "ChessBase"]
[SourceDate "2018.10.10"]
[SourceVersion "1"]
[SourceVersionDate "2018.10.10"]
[SourceQuality "1"]
[WhiteTeam "Bratislava Doprastav III"]
[BlackTeam "Krasnany"]
[WhiteTeamCountry "SVK"]
[BlackTeamCountry "SVK"]

1. e4 c5 2. Nf3 g6 3. d4 Bg7 4. c3 cxd4 5. cxd4 Nf6 6. Nc3 d6 7. Bb5+ Bd7 8. Bxd7+ Qxd7 9. 0-0 0-0 10. h3 Nc6 11. Be3 Rfc8 12. Qe2 Na5 13. Nd2 Rc7 14. Qd3 Rac8 15. Nb5 Rc2 16. Nxa7 R8c7 17. Nb5 Rc8 18. Na7 R8c7 19. Nb5 Rc8 20. Rab1 b6 21. Nc3 Rxd2 22. Bxd2 Nc4 23. Rfd1 Qc7 24. a4 e6 25. f3 Nh5 26. Nb5 Qd7 27. b3 Nxd2 28. Qxd2 e5 29. d5 Nf4 30. Rdc1 h5 31. Rxc8+ Qxc8 32. Kh2 h4 33. Rc1 Qd8 34. Rc3 Bh6 35. Qf2 Nh5 36. Rc2 Bf4+ 37. Kg1 Qg5 38. Rc3 Bd2 39. Rd3 Bb4 40. Qc2 Bc5+ 41. Kf1 Qg3 42. Rc3 Bb4 43. Rc8+ Kg7 44. Qf2 Qf4 45. Rc2 Qh2 46. Qxh4 Qh1+ 47. Ke2 Qxg2+ 48. Qf2 Qh1 49. Ke3 Qb1 50. Qe2 Qxb3+ 51. Qd3 Qxa4 52. Nc3 Qa1 53. Ne2 Qe1 54. Qc4 Bc5+ 55. Kd3 Nf4+ 0-1

[Event "Tatry op"]
[Site "Tatranske Zruby"]
[Date "2010.10.09"]
[Round "9"]
[White "Farkas, Vladimir"]
[Black "Bucek, Eduard"]
[Result "0-1"]
[WhiteElo "1946"]
[BlackElo "2041"]
[PlyCount "70"]
[EventDate "2010.10.02"]
[EventType "swiss"]
[EventRounds "9"]
[EventCountry "SVK"]
[SourceTitle "CBM 138 Extra"]
[Source "ChessBase"]
[SourceDate "2010.10.29"]
[SourceVersion "1"]
[SourceVersionDate "2010.10.29"]
[SourceQuality "1"]

1. e4 c5 2. Nc3 Nc6 3. g3 g6 4. Bg2 Bg7 5. d3 d6 6. Nge2 Rb8 7. 0-0 e6 8. Bd2 Nge7 9. Qc1 h5 10. Rb1 b5 11. h3 Bd7 12. Kh2 Qc7 13. Ng1 Nd4 14. Nce2 Rc8 15. c3 Ndc6 16. Be3 Ne5 17. Qd2 Ng4+ 18. Kh1 e5 19. f4 Nxe3 20. Qxe3 0-0 21. fxe5 dxe5 22. Nf3 Be6 23. b3 Qb6 24. Rb2 Nc6 25. Ne1 Rcd8 26. Kh2 Kh7 27. Bf3 Bh6 28. Qg1 f5 29. g4 fxg4 30. hxg4 hxg4 31. Bg2 Kg7 32. Rxf8 Rxf8 33. Bf1 Qd8 34. Ng2 Bg5 35. Ng3 Rh8+ 0-1

[Event "Tatry op"]
[Site "Tatranske Zruby"]
[Date "2010.10.08"]
[Round "8"]
[White "Slovak, Pavel"]
[Black "Farkas, Vladimir"]
[Result "1-0"]
[WhiteElo "2060"]
[BlackElo "1946"]
[PlyCount "27"]
[EventDate "2010.10.02"]
[EventType "swiss"]
[EventRounds "9"]
[EventCountry "SVK"]
[SourceTitle "CBM 138 Extra"]
[Source "ChessBase"]
[SourceDate "2010.10.29"]
[SourceVersion "1"]
[SourceVersionDate "2010.10.29"]
[SourceQuality "1"]

1. e4 d6 2. d4 Nf6 3. Nc3 g6 4. Bg5 Bg7 5. f4 c6 6. Qd2 Qc7 7. Bd3 b5 8. Nf3 b4 9. Ne2 c5 10. e5 Nd5 11. Be4 e6 12. c4 bxc3 13. Nxc3 Qc6 14. dxc5 1-0

[Event "Tatry op"]
[Site "Tatranske Zruby"]
[Date "2010.10.07"]
[Round "7"]
[White "Farkas, Vladimir"]
[Black "Budinsky, Jozef"]
[Result "1-0"]
[WhiteElo "1946"]
[BlackElo "2029"]
[PlyCount "141"]
[EventDate "2010.10.02"]
[EventType "swiss"]
[EventRounds "9"]
[EventCountry "SVK"]
[SourceTitle "CBM 138 Extra"]
[Source "ChessBase"]
[SourceDate "2010.10.29"]
[SourceVersion "1"]
[SourceVersionDate "2010.10.29"]
[SourceQuality "1"]

1. e4 Nf6 2. Nc3 d5 3. exd5 Nxd5 4. Ne4 Bf5 5. d3 e6 6. a3 c5 7. Nf3 h6 8. Be2 Nc6 9. c3 Be7 10. 0-0 0-0 11. Ng3 Bg6 12. Bd2 a5 13. Re1 Qd6 14. Ne4 Qc7 15. Qc1 Rfd8 16. Rd1 Nf6 17. Bf4 e5 18. Nxf6+ Bxf6 19. Be3 Qe7 20. Ne1 Rac8 21. Bf3 Bf5 22. g3 a4 23. Bxc6 Rxc6 24. Qc2 c4 25. Qe2 b5 26. dxc4 Rxd1 27. Rxd1 Rxc4 28. Rd5 Bd7 29. Qd2 Bc6 30. Rd6 h5 31. Bb6 Bg5 32. Qd1 Qb7 33. Bd8 f6 34. Qxh5 Qf7 35. Qxf7+ Kxf7 36. Bb6 Ke7 37. Rd1 Re4 38. Kf1 Ke6 39. f3 Rc4 40. Kf2 f5 41. Ng2 Bb7 42. h4 Be7 43. Bd8 Bc5+ 44. Ke2 Ba7 45. Bg5 Bb6 46. Be3 Bc7 47. Bc1 e4 48. f4 Bd6 49. Ne3 Rc8 50. Nxf5 Bf8 51. Nd4+ Kf6 52. Nc2 Kf5 53. Be3 Kg4 54. Kf2 Bc6 55. Bd4 g6 56. Ne3+ Kh5 57. Bf6 Bc5 58. Bd4 Be7 59. Bg7 g5 60. hxg5 Kg6 61. Be5 Bc5 62. Bd4 Be7 63. Rh1 Bf8 64. Rh8 Bb7 65. Bf6 Ba6 66. f5+ Kf7 67. Rh7+ Ke8 68. g6 Rc6 69. g7 Kf7 70. gxf8Q+ Kxf8 71. Bd4 1-0

[Event "SVK-chT2A 0910"]
[Site "Slovakia"]
[Date "2009.11.08"]
[Round "4.8"]
[White "Pericka, Tomas"]
[Black "Farkas, Vladimir"]
[Result "0-1"]
[WhiteElo "1910"]
[BlackElo "1959"]
[PlyCount "72"]
[EventDate "2009.10.10"]
[EventType "team-tourn"]
[EventRounds "11"]
[EventCountry "SVK"]
[SourceTitle "EXT 2011"]
[Source "ChessBase"]
[SourceDate "2010.11.26"]
[SourceVersion "1"]
[SourceVersionDate "2010.11.26"]
[SourceQuality "1"]
[WhiteTeam "Osuske"]
[BlackTeam "Bratislava Doprastav III"]
[WhiteTeamCountry "SVK"]
[BlackTeamCountry "SVK"]

1. e4 d6 2. d4 Nf6 3. Nc3 g6 4. f3 Bg7 5. Be3 0-0 6. Qd2 c6 7. Nge2 b5 8. g4 b4 9. Nd1 a5 10. Ng3 Ba6 11. Bxa6 Nxa6 12. h4 c5 13. d5 e6 14. h5 Ne8 15. Bg5 Bf6 16. Bh6 Bh4 17. Qh2 Bxg3+ 18. Qxg3 Ng7 19. hxg6 fxg6 20. Bxg7 Kxg7 21. Qh3 Rh8 22. dxe6 Qf6 23. Ne3 Qxb2 24. Qh6+ Kg8 25. Nf5 Qxa1+ 26. Ke2 Qf6 27. Rd1 Nc7 28. Rxd6 Ne8 29. Rd7 gxf5 30. Qh5 Qxe6 31. Qg5+ Kf8 32. Rb7 fxg4 33. Qf4+ Qf6 34. Qxg4 Rg8 35. Qd7 Rg2+ 36. Ke1 Qc3+ 0-1

[Event "SVK-chT2A 0809"]
[Site "Slovakia"]
[Date "2009.02.01"]
[Round "9.6"]
[White "Farkas, Vladimir"]
[Black "Kundrak, Vladimir"]
[Result "1-0"]
[WhiteElo "2035"]
[BlackElo "1942"]
[PlyCount "61"]
[EventDate "2008.10.11"]
[EventType "team-tourn"]
[EventRounds "11"]
[EventCountry "SVK"]
[SourceTitle "EXT 2010"]
[Source "ChessBase"]
[SourceDate "2010.11.25"]
[SourceVersion "1"]
[SourceVersionDate "2010.11.25"]
[SourceQuality "1"]
[WhiteTeam "Bratislava Doprastav II"]
[BlackTeam "Modra II"]
[WhiteTeamCountry "SVK"]
[BlackTeamCountry "SVK"]

1. e4 c5 2. Nc3 Nc6 3. Nf3 g6 4. g3 Bg7 5. Bg2 d6 6. 0-0 e6 7. d3 Nge7 8. Ne2 Nd4 9. c3 Nxe2+ 10. Qxe2 Nc6 11. Be3 Rb8 12. Qd2 h5 13. h3 Bd7 14. d4 Qa5 15. d5 exd5 16. Qxd5 Bf8 17. Bf4 Be6 18. Qd2 Rd8 19. Rfd1 d5 20. Ne5 d4 21. Nxc6 bxc6 22. Be5 Bh6 23. Qc2 0-0 24. cxd4 cxd4 25. Bxd4 Rc8 26. Bf6 Bg7 27. Bxg7 Kxg7 28. b3 c5 29. Bf1 Rfd8 30. Rac1 Rxd1 31. Rxd1 1-0

[Event "SVK-chT2A 0809"]
[Site "Slovakia"]
[Date "2008.10.12"]
[Round "2.6"]
[White "Bury, Rastislav"]
[Black "Farkas, Vladimir"]
[Result "1-0"]
[WhiteElo "2088"]
[BlackElo "2035"]
[PlyCount "49"]
[EventDate "2008.10.11"]
[EventType "team-tourn"]
[EventRounds "11"]
[EventCountry "SVK"]
[SourceTitle "EXT 2010"]
[Source "ChessBase"]
[SourceDate "2010.11.25"]
[SourceVersion "1"]
[SourceVersionDate "2010.11.25"]
[SourceQuality "1"]
[WhiteTeam "Bratislava Slavia STU"]
[BlackTeam "Bratislava Doprastav II"]
[WhiteTeamCountry "SVK"]
[BlackTeamCountry "SVK"]

1. d4 Nf6 2. c4 d6 3. Nc3 g6 4. e4 Bg7 5. Nf3 0-0 6. Be2 e5 7. dxe5 dxe5 8. Qxd8 Rxd8 9. Bg5 Re8 10. Nd5 Nxd5 11. cxd5 Bd7 12. 0-0 c6 13. Bc4 cxd5 14. Bxd5 Bc6 15. Rfd1 Bxd5 16. Rxd5 f6 17. Be3 Bf8 18. Rad1 Be7 19. Nd2 Rd8 20. Rxd8+ Bxd8 21. Nc4 Bc7 22. Nd6 b6 23. Ne8 Na6 24. Nxf6+ Kh8 25. Rd7 1-0

[Event "SVK-chT2A 0708"]
[Site "Slovakia"]
[Date "2007.12.02"]
[Round "6.6"]
[White "Vrba, Michal"]
[Black "Farkas, Vladimir"]
[Result "1/2-1/2"]
[WhiteElo "1970"]
[BlackElo "2076"]
[PlyCount "43"]
[EventDate "2007.10.06"]
[EventType "team-tourn"]
[EventRounds "11"]
[EventCountry "SVK"]
[SourceTitle "EXT 2010"]
[Source "ChessBase"]
[SourceDate "2010.11.25"]
[SourceVersion "1"]
[SourceVersionDate "2010.11.25"]
[SourceQuality "1"]
[WhiteTeam "Bratislava Doprastav III"]
[BlackTeam "Bratislava Doprastav II"]
[WhiteTeamCountry "SVK"]
[BlackTeamCountry "SVK"]

1. e4 d6 2. d4 Nf6 3. Nc3 g6 4. Bg5 Bg7 5. e5 Ng8 6. f4 d5 7. Nf3 Nh6 8. Qd2 f6 9. Bh4 0-0 10. exf6 exf6 11. 0-0-0 c6 12. h3 b5 13. g4 Nf7 14. Bg2 a5 15. Ne5 Qd6 16. Nxf7 Kxf7 17. Rhe1 Nd7 18. f5 Nb6 19. Qf2 b4 20. Bg3 Qd8 21. Ne2 Ra7 22. Nf4 1/2-1/2

[Event "SVK-chT2A 0708"]
[Site "Slovakia"]
[Date "2007.10.06"]
[Round "1.5"]
[White "Janko, Ladislav"]
[Black "Farkas, Vladimir"]
[Result "1-0"]
[WhiteElo "2195"]
[BlackElo "2076"]
[PlyCount "53"]
[EventDate "2007.10.06"]
[EventType "team-tourn"]
[EventRounds "11"]
[EventCountry "SVK"]
[SourceTitle "EXT 2010"]
[Source "ChessBase"]
[SourceDate "2010.11.25"]
[SourceVersion "1"]
[SourceVersionDate "2010.11.25"]
[SourceQuality "1"]
[WhiteTeam "Galanta"]
[BlackTeam "Bratislava Doprastav II"]
[WhiteTeamCountry "SVK"]
[BlackTeamCountry "SVK"]

1. e4 d6 2. d4 g6 3. Nc3 Bg7 4. Bg5 h6 5. Be3 Nf6 6. f3 0-0 7. Qd2 Kh7 8. 0-0-0 c6 9. g4 Ng8 10. h4 Qc7 11. g5 h5 12. f4 b5 13. Bh3 e6 14. f5 exf5 15. exf5 Bxf5 16. Bxf5 gxf5 17. Qe2 Ne7 18. Qxh5+ Kg8 19. Qf3 b4 20. Nce2 c5 21. Ng3 Nbc6 22. Nxf5 Nxf5 23. Qxf5 Nxd4 24. Bxd4 Bxd4 25. Nf3 Bg7 26. h5 c4 27. h6 1-0

[Event "SVK-chT2A 0506"]
[Site "Slovakia"]
[Date "2006.03.11"]
[Round "10.4"]
[White "Farkas, Vladimir"]
[Black "Tomanek, Rafael"]
[Result "0-1"]
[WhiteElo "2061"]
[BlackElo "2000"]
[PlyCount "52"]
[EventDate "2005.10.22"]
[EventType "team-tourn"]
[EventRounds "11"]
[EventCountry "SVK"]
[SourceTitle "EXT 2009"]
[Source "ChessBase"]
[SourceDate "2008.11.26"]
[SourceVersion "1"]
[SourceVersionDate "2008.11.26"]
[SourceQuality "1"]

1. e4 Nf6 2. Nc3 d5 3. exd5 Nxd5 4. Nxd5 Qxd5 5. d4 Nc6 6. Be3 e5 7. dxe5 Qxe5 8. c3 Bd6 9. Nf3 Qh5 10. Be2 Bg4 11. h3 0-0 12. Rf1 Bxf3 13. Bxf3 Qg6 14. Bxc6 bxc6 15. Qf3 Rab8 16. 0-0-0 Ba3 17. bxa3 Rb1+ 18. Kd2 Rb2+ 19. Ke1 Qc2 20. Rd2 Qxc3 21. Ke2 Qc4+ 22. Ke1 Rb1+ 23. Rd1 Rd8 24. Bd2 Re8+ 25. Be3 Qc3+ 26. Ke2 Rb2+ 0-1

[Event "SVK-chT2A 0506"]
[Site "Slovakia"]
[Date "2006.02.12"]
[Round "9.4"]
[White "Miklas, Marian"]
[Black "Farkas, Vladimir"]
[Result "1/2-1/2"]
[WhiteElo "2191"]
[BlackElo "2061"]
[PlyCount "47"]
[EventDate "2005.10.22"]
[EventType "team-tourn"]
[EventRounds "11"]
[EventCountry "SVK"]
[SourceTitle "EXT 2009"]
[Source "ChessBase"]
[SourceDate "2008.11.26"]
[SourceVersion "1"]
[SourceVersionDate "2008.11.26"]
[SourceQuality "1"]

1. c4 Nf6 2. Nc3 g6 3. g3 Bg7 4. Bg2 d6 5. Nf3 0-0 6. 0-0 e5 7. d4 Nc6 8. h3 Nd7 9. d5 Ne7 10. e4 h6 11. Ne1 f5 12. f3 Nf6 13. Be3 Bd7 14. Qd2 Kh7 15. Nd3 a6 16. Rae1 Qc8 17. Kh2 Rf7 18. g4 f4 19. Bf2 Ne8 20. h4 Bf6 21. Rh1 Qd8 22. Kg1 c5 23. a4 a5 24. b3 1/2-1/2

[Event "SVK-chT2A 0506"]
[Site "Slovakia"]
[Date "2005.12.18"]
[Round "6.4"]
[White "Farkas, Vladimir"]
[Black "Kleman, Miroslav"]
[Result "1-0"]
[WhiteElo "2061"]
[BlackElo "2177"]
[PlyCount "97"]
[EventDate "2005.10.22"]
[EventType "team-tourn"]
[EventRounds "11"]
[EventCountry "SVK"]
[SourceTitle "EXT 2009"]
[Source "ChessBase"]
[SourceDate "2008.11.26"]
[SourceVersion "1"]
[SourceVersionDate "2008.11.26"]
[SourceQuality "1"]

1. Nf3 Nf6 2. g3 d5 3. Bg2 c5 4. d3 g6 5. 0-0 Bg7 6. Nc3 d4 7. Na4 Nbd7 8. b3 b5 9. Nb2 Bb7 10. e4 0-0 11. Ne1 e5 12. f4 exf4 13. gxf4 Qc7 14. Bh3 Nb6 15. Qe2 Rfe8 16. Nd1 c4 17. Qf2 Rad8 18. Nf3 Bf8 19. Nh4 Bc5 20. f5 Nh5 21. Bg4 Ng7 22. Bg5 Rd7 23. fxg6 hxg6 24. Bxd7 Qxd7 25. Qg3 Bd6 26. Qg2 Be7 27. Nf2 Bc8 28. h3 Rf8 29. Bxe7 Qxe7 30. Nf3 Ne6 31. Qg3 Nd7 32. Ng4 Kg7 33. Rf2 Ng5 34. Raf1 cxd3 35. cxd3 Nc5 36. Nxd4 Qd7 37. Qe5+ f6 38. Nxf6 Nxh3+ 39. Kg2 Nxd3 40. Nxd7+ Nxe5 41. Nxe5 Nxf2 42. Rxf2 Re8 43. Rf7+ Kh6 44. Nef3 a6 45. Rf6 Rg8 46. Kg3 Bb7 47. Kf4 a5 48. Ng5 a4 49. Rf7 1-0

[Event "SVK-chT2A 0506"]
[Site "Slovakia"]
[Date "2005.11.26"]
[Round "3.4"]
[White "Kovarik, Otto"]
[Black "Farkas, Vladimir"]
[Result "0-1"]
[WhiteElo "2108"]
[BlackElo "2061"]
[PlyCount "121"]
[EventDate "2005.10.22"]
[EventType "team-tourn"]
[EventRounds "11"]
[EventCountry "SVK"]
[SourceTitle "EXT 2009"]
[Source "ChessBase"]
[SourceDate "2008.11.26"]
[SourceVersion "1"]
[SourceVersionDate "2008.11.26"]
[SourceQuality "1"]

1. e4 d6 2. d4 g6 3. f4 Bg7 4. Nf3 Nf6 5. Bd3 c5 6. e5 dxe5 7. dxe5 Nfd7 8. 0-0 Nc6 9. c3 0-0 10. e6 fxe6 11. Ng5 Nf6 12. Qe2 Qd6 13. Na3 Nd8 14. Nc4 Qc7 15. a4 Nd5 16. g3 b6 17. Bd2 Bd7 18. Nxh7 Kxh7 19. Qh5+ Kg8 20. Qxg6 Nf6 21. g4 Be8 22. Qg5 Nd7 23. Qh4 Rf6 24. g5 Rf5 25. Bxf5 exf5 26. Qg3 Bf7 27. Qd3 Bxc4 28. Qxc4+ e6 29. h4 Nf8 30. h5 Qf7 31. Qe2 Nb7 32. Be3 Nd6 33. a5 Rd8 34. Rad1 Rd7 35. axb6 axb6 36. Kh2 Ne4 37. g6 Qe8 38. Rxd7 Nxd7 39. Rd1 Nef6 40. Qf1 Bh6 41. b4 Qa8 42. Qg2 Qxg2+ 43. Kxg2 Nd5 44. Kf3 cxb4 45. cxb4 N7f6 46. Bd4 Nxh5 47. Rh1 Bg7 48. Bxb6 Nhxf4 49. Bc5 Nd3 50. Rb1 Bc3 51. Rb3 Bxb4 52. Bd4 e5 53. Be3 e4+ 54. Ke2 Nxe3 55. Kxe3 Kg7 56. Rb1 Kxg6 57. Rg1+ Kf6 58. Rh1 Ke5 59. Rh5 Bc5+ 60. Kd2 Nf4 61. Rh8 0-1

[Event "SVK-chT2A 0506"]
[Site "Slovakia"]
[Date "2005.10.23"]
[Round "2.4"]
[White "Farkas, Vladimir"]
[Black "Mikulas, Dusan"]
[Result "0-1"]
[WhiteElo "2061"]
[BlackElo "2148"]
[PlyCount "100"]
[EventDate "2005.10.22"]
[EventType "team-tourn"]
[EventRounds "11"]
[EventCountry "SVK"]
[SourceTitle "EXT 2009"]
[Source "ChessBase"]
[SourceDate "2008.11.26"]
[SourceVersion "1"]
[SourceVersionDate "2008.11.26"]
[SourceQuality "1"]

1. Nf3 g6 2. g3 Bg7 3. Bg2 e5 4. e4 Nc6 5. Nc3 d6 6. 0-0 Nge7 7. d3 0-0 8. Be3 f5 9. Qd2 fxe4 10. dxe4 Bg4 11. Ne1 Qd7 12. f3 Bh3 13. Rf2 Rf7 14. Nd3 Bxg2 15. Kxg2 Raf8 16. Raf1 Na5 17. b3 Qc6 18. Nb4 Qd7 19. Nd3 b6 20. Bh6 Nac6 21. Bxg7 Kxg7 22. Ne2 d5 23. exd5 Nxd5 24. Nc3 Nxc3 25. Qxc3 Qd5 26. Nb4 Nxb4 27. Qxb4 c5 28. Qe1 Rf5 29. Rd2 Qc6 30. Rdf2 h5 31. Qc3 Kh7 32. Qe3 g5 33. Kg1 Qf6 34. Rd1 Rf7 35. Rdd2 g4 36. fxg4 Rxf2 37. Rxf2 Qxf2+ 38. Qxf2 Rxf2 39. Kxf2 hxg4 40. Ke3 Kg6 41. Ke4 Kf6 42. Ke3 Kf5 43. a3 a6 44. c4 b5 45. a4 bxc4 46. bxc4 e4 47. Kf2 Ke5 48. Kg2 e3 49. Kf1 Kd4 50. Ke2 Ke4 0-1